| 000 | 00449nam a2200169Ia 4500 | ||
|---|---|---|---|
| 008 | 230917s9999||||xx |||||||||||||| ||und|| | ||
| 020 | _cRS850 | ||
| 040 |
_e240867 _aMAIN |
||
| 041 | _aEnglish | ||
| 082 | _a320.954 N169B | ||
| 100 | _aNarula, B C | ||
| 245 | 0 | _aBhartiya rajnitik vyavastha | |
| 260 |
_aNew Delhi _bArjun Publishing Hosue _c2016 |
||
| 300 | _a236 p. | ||
| 500 | _a2752 28/06/2017 HBD17/6999 29/06/2017 Main Budget | ||
| 942 | _cBK | ||
| 999 |
_c22940 _d22940 |
||